Tradition africaine et rationalite moderne

Αποθηκεύτηκε σε:
Λεπτομέρειες βιβλιογραφικής εγγραφής
Κύριος συγγραφέας: Ellungu, P. E. A.
Μορφή: Βιβλίο
Γλώσσα:French
Δημοσίευση: Paris : L'Harmattan, 1987
Σειρά:Collection Points de vue
Θέματα:
Ετικέτες: Προσθήκη ετικέτας
Δεν υπάρχουν, Καταχωρήστε ετικέτα πρώτοι!

MARC

LEADER 00000nam a2200000 i 4500
001 1/6813
008 960715s1987 fre d
020 |a 2-85802-730-7 
035 |l 10016487 
040 |a GR-MY-UA  |b gre  |e aacr 
041 0 |a fre 
082 0 |a 199.6 
100 1 |a Ellungu, P. E. A. 
245 1 0 |a Tradition africaine et rationalite moderne /  |c Elungu P. E. A. 
260 |a Paris :   |b L'Harmattan,   |c 1987 
300 |a 187 p. 
490 1 |a Collection Points de vue 
650 0 0 |a Philosophy, Modern. 
651 0 |a Africa  |x Religion. 
651 0 |a Africa  |x Civilization. 
830 0 |a Collection Points de vue 
852 |a INST  |b LESVOS  |e 19960715  |h 199.6 ELU  |p 005100003900  |q 005100003900  |t BK  |y 0 
909 |a Λ  |b 015229